Through my eyes / (Record no. 1984)

MARC details
000 -LEADER
fixed length control field 01516cam a2200397 a 4500
001 - CONTROL NUMBER
control field 1984
003 - CONTROL NUMBER IDENTIFIER
control field FISKH
005 - DATE AND TIME OF LATEST TRANSACTION
control field 20231024113603.0
008 - FIXED-LENGTH DATA ELEMENTS--GENERAL INFORMATION
fixed length control field 981216s1999 nyua c 000 0aeng
010 ## - LIBRARY OF CONGRESS CONTROL NUMBER
LC control number 98049242
020 ## - INTERNATIONAL STANDARD BOOK NUMBER
International Standard Book Number 0590546309
040 ## - CATALOGING SOURCE
Original cataloging agency DLC
Transcribing agency DLC
Modifying agency DLC
Language of cataloging eng
042 ## - AUTHENTICATION CODE
Authentication code lcac
043 ## - GEOGRAPHIC AREA CODE
Geographic area code n-us-la
050 00 - LIBRARY OF CONGRESS CALL NUMBER
Classification number F379.N59
Item number N435 1999
082 00 - DEWEY DECIMAL CLASSIFICATION NUMBER
Classification number 379.2/63/092
-- B
Edition number 21
100 1# - MAIN ENTRY--PERSONAL NAME
Personal name Bridges, Ruby.
245 10 - TITLE STATEMENT
Title Through my eyes /
Statement of responsibility, etc. Ruby Bridges ; articles and interviews compiled and edited by Margo Lundell.
260 ## - PUBLICATION, DISTRIBUTION, ETC.
Place of publication, distribution, etc. New York :
Name of publisher, distributor, etc. Scholastic,
Date of publication, distribution, etc. 1999.
300 ## - PHYSICAL DESCRIPTION
Extent 63 pages :
Other physical details illustrations ;
Dimensions 27 cm
505 ## - FORMATTED CONTENTS NOTE
Formatted contents note W<br/>
520 ## - SUMMARY, ETC.
Summary, etc. Ruby Bridges recounts the story of her involvement, as a six-year-old, in the integration of her school in New Orleans in 1960.
521 8# - TARGET AUDIENCE NOTE
Target audience note 860<br/>
Source Lexile <br/>
521 8# - TARGET AUDIENCE NOTE
Target audience note W<br/>
Source Raz-Plus <br/>
600 10 - SUBJECT ADDED ENTRY--PERSONAL NAME
Personal name Bridges, Ruby
Form subdivision Juvenile literature.
600 11 - SUBJECT ADDED ENTRY--PERSONAL NAME
Personal name Bridges, Ruby.
650 #0 - SUBJECT ADDED ENTRY--TOPICAL TERM
Topical term or geographic name entry element African American children
Geographic subdivision Louisiana
-- New Orleans
Form subdivision Biography
-- Juvenile literature.
650 #0 - SUBJECT ADDED ENTRY--TOPICAL TERM
Topical term or geographic name entry element African Americans
Geographic subdivision Louisiana
-- New Orleans
Form subdivision Biography
-- Juvenile literature.
650 #0 - SUBJECT ADDED ENTRY--TOPICAL TERM
Topical term or geographic name entry element School integration
Geographic subdivision Louisiana
-- New Orleans
Form subdivision Juvenile literature.
650 #1 - SUBJECT ADDED ENTRY--TOPICAL TERM
Topical term or geographic name entry element African Americans
Form subdivision Biography.
650 #1 - SUBJECT ADDED ENTRY--TOPICAL TERM
Topical term or geographic name entry element School integration
Geographic subdivision Louisiana
-- New Orleans.
651 #0 - SUBJECT ADDED ENTRY--GEOGRAPHIC NAME
Geographic name New Orleans (La.)
General subdivision Race relations
Form subdivision Juvenile literature.
651 #1 - SUBJECT ADDED ENTRY--GEOGRAPHIC NAME
Geographic name New Orleans (La.)
General subdivision Race relations.
906 ## - LOCAL DATA ELEMENT F, LDF (RLIN)
a 7
b cbc
c orignew
d 1
e ocip
f 19
g y-gencatlg
942 ## - ADDED ENTRY ELEMENTS (KOHA)
Source of classification or shelving scheme Dewey Decimal Classification
Koha item type Books
Suppress in OPAC No
Holdings
Withdrawn status Lost status Source of classification or shelving scheme Damaged status Not for loan Collection Home library Current library Shelving location Date acquired Total Checkouts Full call number Barcode Date last seen Copy number Price effective from Koha item type
    Dewey Decimal Classification     Non-Fiction Footprints International School Library Network Toul Kork Campus Footprints International School Library Network Toul Kork Campus   10/24/2023   BRI 379.263092 F379.N59 FISTK04931 10/24/2023 1 10/24/2023 Books
    Dewey Decimal Classification     Non-Fiction Footprints International School Library Network Toul Tom Poung Campus Footprints International School Library Network Toul Tom Poung Campus TTP Secondary Non-Fiction Bookshelves 06/09/2025   BRI 379.263092 F379.N59 FISSE01422 06/09/2025 2 06/09/2025 Books